Our tree / (Record no. 21344)

MARC details
000 -LEADER
fixed length control field 02109nam a22003377a 4500
005 - DATE AND TIME OF LATEST TRANSACTION
control field 20090119143636.0
008 - FIXED-LENGTH DATA ELEMENTS--GENERAL INFORMATION
fixed length control field 090119t xxu||||| |||| 00| 1 eng d
010 ## - LCCN (DPL NO)
LC control number B-357778
020 ## - INTERNATIONAL STANDARD BOOK NUMBER
International Standard Book Number 9788123710969
Terms of availability 12.00
035 ## - SYSTEM CONTROL NUMBER
System control number B-357778
035 ## - SYSTEM CONTROL NUMBER
System control number B-345453-457
037 ## - SOURCE OF ACQUISITION
Source of stock number/acquisition Tarun Books
040 ## - CATALOGING SOURCE
Original cataloging agency dpl
Language of cataloging English
082 ## - DEWEY DECIMAL CLASSIFICATION NUMBER
Classification number S
100 ## - MAIN ENTRY--PERSONAL NAME
Personal name Chakravarti, Pranab
245 ## - TITLE STATEMENT
Title Our tree /
Statement of responsibility, etc by Pranab Chakrawarti [and] Smita Chakrawarti; illustrated by Pranab Chakravarti
260 ## - PUBLICATION, DISTRIBUTION, ETC. (IMPRINT)
Place of publication, distribution, etc New Delhi
Name of publisher, distributor, etc National Book Trust
Date of publication, distribution, etc 2008 (repr.)
270 ## - ADDRESS
Address A-5 Green Park
City New Delhi
Postal code 110016
300 ## - PHYSICAL DESCRIPTION
Extent Unpaged :
Other physical details col. photos
Dimensions 18cm. (pbk)
490 ## - SERIES STATEMENT
Series statement Nehru Bal Pustakalaya
700 ## - ADDED ENTRY--PERSONAL NAME
Personal name Chakravarti, Pranab
942 ## - ADDED ENTRY ELEMENTS (KOHA)
Source of classification or shelving scheme Dewey Decimal Classification
Item type Children Books
Classification part S
Call number suffix CHA
Holdings
Withdrawn status Lost status Source of classification or shelving scheme Damaged status Not for loan Collection code Home library Current library Date acquired Source of acquisition Cost, normal purchase price Total Checkouts Full call number Barcode Date last seen Copy number Cost, replacement price Koha item type
    Dewey Decimal Classification     Fiction Central Library Central Library 29/09/2009 Tarun Books/3947/21.5.09/13/23.4.09/4.7.09 12.00   S CHA B-345453 29/09/2009 1 12.00 Children Books
  Written-off vide DLB M. No. 383 dt 16.05.19 Dewey Decimal Classification     Fiction Janak Puri Janak Puri 16/09/2009 Tarun Books/4121/9.9.09/89/2.9.09/11.9.09 12.00 3 S CHA B-357778 28/06/2018 1 12.00 English Books
    Dewey Decimal Classification     Fiction Karol Bagh Karol Bagh 29/09/2009 Tarun Books/3947/21.5.09/13/23.4.09/4.7.09 12.00   S CHA B-345456 29/09/2009 1 12.00 Children Books
    Dewey Decimal Classification     Fiction Patel Nagar Patel Nagar 29/09/2009 Tarun Books/3947/21.5.09/13/23.4.09/4.7.09 12.00   S CHA B-345454 29/09/2009 1 12.00 Children Books
    Dewey Decimal Classification     Fiction Sarojini Nagar Sarojini Nagar 29/09/2009 Tarun Books/3947/21.5.09/13/23.4.09/4.7.09 12.00   S CHA B-345455 29/09/2009 1 12.00 Children Books
    Dewey Decimal Classification     Fiction Shahdara Branch Shahdara Branch 29/09/2009 Tarun Books/3947/21.5.09/13/23.4.09/4.7.09 12.00 2 S CHA B-345457 23/06/2025 1 12.00 Children Books

© Delhi Public Library
Hit Counter
free hit counter